| 000 | 01553nam a2200325Ia 4500 | ||
|---|---|---|---|
| 003 | OSt | ||
| 005 | 20201022154537.0 | ||
| 008 | 191128s1988 ck ad gr 000 0 spa d | ||
| 020 | _a9580407266 | ||
| 040 |
_aCO-JMCR _cCO-JMCR |
||
| 041 | 1 |
_aspa _heng |
|
| 082 | 0 | 4 |
_a658.4013 / _bW239c _223 |
| 100 | 1 |
_aWalton, Mary, _eautora _911816 |
|
| 245 | 1 | 0 |
_aCómo administrar con el método deming / _cMary Walton ; prólogo de W. Edwards Deming ; traducción, Gisela Wulfers de Rosas ; revisión técnica, Alberto Carvajal Cabal |
| 260 |
_aBogotá : _bNorma, _c1988 |
||
| 300 |
_axx, 291 páginas : _bgráficos a blanco y negro ; _c24 cm. |
||
| 500 | _aIncluye notas a pie de páginas. | ||
| 505 | 0 | _aW. Edwards Deming-El hombre y su misión -- El método gerencial deming -- Como hacer funcionar el método deming | |
| 520 | 0 | _aBien sea usted el dueño de una empresa pequeña, un gerente de nivel medio en una compañía de mediana importancia, o el presidente de una multinacional, este libro le enseñará la manerá de aumentar sus utilidades y su productividad | |
| 534 | _pThe deming management method | ||
| 546 | _aTraducido del inglés | ||
| 650 | 2 | 4 |
_aAdministración de personal _91610 |
| 650 | 2 | 4 |
_aMétodo Deming (Administración) _911817 |
| 650 | 2 | 4 |
_aAdministración de empresas _911818 |
| 650 | 2 | 4 |
_aMejora continua de calidad _911819 |
| 700 | 1 |
_aDeming, W. Edwards, _eprologuista _911820 |
|
| 700 | 1 |
_aWulfers de Rosas, Gisela, _etraductora _911821 |
|
| 700 | 1 |
_aCarvajal Cabal, Alberto, _erevisor _911822 |
|
| 942 |
_2ddc _cBK |
||
| 999 |
_c6098 _d6098 |
||